000 01028nam a22002537a 4500
005 20240530110350.0
008 141221s2010 ua g b||| 000 0 ara d
017 _a2009/18011
_bمصر . دار الكتب المصرية
020 _a9773790998
040 _aEG-CaGPL
041 0 _aara
082 0 4 _221
_a251.8\
_bح ت
100 0 _aحاتم امين محمد عبادة
245 1 2 _aالتحكم فى جنس الجنين بين النظريات الطبية و الاحكام الشرعية :
_bدراسة فقهية مقارنة /
_cحاتم امين محمد عبادة
250 _aط1
260 _aالقاهرة :
_bدار الفكر الجامعى ،
_c2010
300 _a136 ص ؛
_c24 سم
504 _aببليوجرافية : ص 125 - 134
650 0 4 _aالفقة الاسلامى
_xنظريات
650 0 4 _aالشريعة الاسلامية
650 0 4 _aالفقهة الاسلامى
_xالتحكم فى نوع الجنين
942 _2ddc
_cBK
999 _c60054
_d60054